000 00310nam a2200109Ia 4500
008 220204s9999 xx 000 0 und d
082 _a577.1
_bANN.58
245 0 _aAnnual review of biochemistry. V 58
260 _aCalifornia
_bAnnual Reviews Inc
_c1989
650 _aYeast phospholipid biosynthesis
942 _cBK
999 _c40177
_d40177